[Event "GER Cup Net V2 U2000"]
[Site "Playchess.com INT"]
[Date "2020.05.22"]
[Round "1"]
[White "Bock, Marlon"]
[Black "Hagenbeck Huebert, Ben"]
[Result "0-1"]
[WhiteElo "1576"]
[BlackElo "1758"]
[PlyCount "118"]
[EventDate "2020.05.22"]
[EventType "swiss (blitz)"]
[EventRounds "9"]
[EventCountry "GER"]
[SourceTitle "EXT 2021"]
[Source "ChessBase"]
[SourceDate "2020.10.23"]
[SourceVersion "1"]
[SourceVersionDate "2020.10.23"]
[SourceQuality "1"]

1. d4 d5 2. Nf3 Nf6 3. e3 g6 4. Bd3 Bg7 5. 0-0 0-0 6. c4 c6 7. Nc3 Bg4 8. h3 Bxf3 9. Qxf3 e6 10. b3 Nbd7 11. Bb2 Re8 12. Qe2 e5 13. dxe5 Nxe5 14. Rad1 dxc4 15. Bxc4 Qc7 16. Rd2 Rad8 17. Rfd1 Rxd2 18. Rxd2 Nxc4 19. Qxc4 Nd7 20. Qg4 Ne5 21. Qe2 Qe7 22. Qd1 h6 23. f4 Nc4 24. bxc4 Qxe3+ 25. Kh1 Bxc3 26. Bxc3 Qxc3 27. Re2 Rxe2 28. Qxe2 Qc1+ 29. Kh2 Qxf4+ 30. g3 Qd4 31. Kg2 a5 32. a4 Kg7 33. h4 Qa1 34. Qc2 Qd4 35. Qe2 b6 36. Kh2 h5 37. Kg2 Qg4 38. Qe5+ Kh7 39. Qf6 Qe6 40. Qxe6 fxe6 41. Kf3 Kg7 42. Ke4 Kf6 43. Kf4 e5+ 44. Ke4 Ke6 45. Ke3 Kf5 46. Kf3 e4+ 47. Ke3 Kg4 48. Kxe4 Kxg3 49. Ke5 Kxh4 50. Kd6 g5 51. Kxc6 g4 52. Kxb6 g3 53. c5 g2 54. c6 g1Q+ 55. Kb7 Qb1+ 56. Kc8 Qc2 57. c7 Qxa4 58. Kb8 Qf4 59. Kb7 Qxc7+ 0-1

[Event "GER Cup Net V2 U2000"]
[Site "Playchess.com INT"]
[Date "2020.05.22"]
[Round "8"]
[White "Bock, Marlon"]
[Black "Heinrich, John"]
[Result "0-1"]
[WhiteElo "1636"]
[BlackElo "1237"]
[PlyCount "80"]
[EventDate "2020.05.22"]
[EventType "swiss (blitz)"]
[EventRounds "9"]
[EventCountry "GER"]
[SourceTitle "EXT 2021"]
[Source "ChessBase"]
[SourceDate "2020.10.23"]
[SourceVersion "1"]
[SourceVersionDate "2020.10.23"]
[SourceQuality "1"]

1. b3 e5 2. Bb2 Nc6 3. e3 d6 4. Nf3 g6 5. Bb5 Bg7 6. 0-0 Nge7 7. d4 e4 8. Nfd2 f5 9. c4 0-0 10. Qc2 Bd7 11. d5 Ne5 12. Bxd7 Qxd7 13. Bxe5 Bxe5 14. Nc3 c6 15. Rac1 Rac8 16. dxc6 bxc6 17. Ne2 d5 18. Nd4 c5 19. Ne2 d4 20. exd4 cxd4 21. Ng3 d3 22. Qd1 Nc6 23. Re1 Nd4 24. Kh1 Nc2 25. Rf1 Rfd8 26. Rg1 Qg7 27. Ngf1 Bb2 28. Rb1 Na3 29. Rxb2 Qxb2 30. f3 exf3 31. Nxf3 Nc2 32. N1d2 Qxa2 33. Ne5 Qa5 34. Ndf3 Ne3 35. Qb1 d2 36. Nd3 d1Q 37. Rxd1 Nxd1 38. Qxd1 Qc3 39. Nfe5 Qxe5 40. Nxe5 Rxd1# 0-1

[Event "GER Cup Net V2 U2000"]
[Site "Playchess.com INT"]
[Date "2020.05.22"]
[Round "7"]
[White "Bock, Marlon"]
[Black "Schaper, Jan Erik"]
[Result "1-0"]
[WhiteElo "1615"]
[BlackElo "1713"]
[PlyCount "29"]
[EventDate "2020.05.22"]
[EventType "swiss (blitz)"]
[EventRounds "9"]
[EventCountry "GER"]
[SourceTitle "EXT 2021"]
[Source "ChessBase"]
[SourceDate "2020.10.23"]
[SourceVersion "1"]
[SourceVersionDate "2020.10.23"]
[SourceQuality "1"]

1. b3 d6 2. Bb2 Nd7 3. e3 Ngf6 4. Nf3 g6 5. Be2 Bg7 6. d4 0-0 7. 0-0 c6 8. Nbd2 Qc7 9. e4 e5 10. dxe5 dxe5 11. Nc4 Re8 12. Nd6 Rd8 13. Bc4 Rf8 14. Nxf7 Rxf7 15. Ng5 1-0

[Event "GER Cup Net V2 U2000"]
[Site "Playchess.com INT"]
[Date "2020.05.22"]
[Round "4"]
[White "Fock, Sana"]
[Black "Bock, Marlon"]
[Result "0-1"]
[WhiteElo "1717"]
[BlackElo "1581"]
[PlyCount "97"]
[EventDate "2020.05.22"]
[EventType "swiss (blitz)"]
[EventRounds "9"]
[EventCountry "GER"]
[SourceTitle "EXT 2021"]
[Source "ChessBase"]
[SourceDate "2020.10.23"]
[SourceVersion "1"]
[SourceVersionDate "2020.10.23"]
[SourceQuality "1"]

1. e4 e5 2. d4 exd4 3. Qxd4 Nc6 4. Qe3 Nf6 5. Nc3 Bb4 6. Bd2 d6 7. 0-0-0 0-0 8. f3 a5 9. g4 a4 10. g5 Ne8 11. h4 a3 12. b3 Ne5 13. h5 c5 14. g6 fxg6 15. hxg6 h6 16. Rxh6 gxh6 17. Qxh6 Qe7 18. Nd5 Bxd2+ 19. Rxd2 Qg7 20. Qg5 Nxg6 21. Rg2 Kf7 22. Bc4 Be6 23. Nf4 Nxf4 24. Qxf4+ Qf6 25. Bxe6+ Kxe6 26. Qg4+ Ke7 27. Rh2 Qf4+ 28. Qxf4 Rxf4 29. Rh7+ Kf8 30. Rxb7 Rc8 31. Ra7 Rc7 32. Rxa3 Rg7 33. Ne2 Rxf3 34. Ra8 Rg2 35. Kd1 Rf1+ 36. Kd2 Rff2 37. a4 Rxe2+ 38. Kd3 Rd2+ 39. Ke3 Rxc2 40. a5 Rg3+ 41. Kf4 Rxb3 42. a6 Ra3 43. a7 Rca2 44. Kf5 Rxa7 45. Rd8 Rf7+ 46. Kg6 Rg2+ 47. Kh6 Rf1 48. Rxe8+ Kxe8 49. e5 0-1

[Event "GER Cup Net V2 U2000"]
[Site "Playchess.com INT"]
[Date "2020.05.22"]
[Round "2"]
[White "Hasic, Mirza"]
[Black "Bock, Marlon"]
[Result "1-0"]
[WhiteElo "1744"]
[BlackElo "1567"]
[PlyCount "63"]
[EventDate "2020.05.22"]
[EventType "swiss (blitz)"]
[EventRounds "9"]
[EventCountry "GER"]
[SourceTitle "EXT 2021"]
[Source "ChessBase"]
[SourceDate "2020.10.23"]
[SourceVersion "1"]
[SourceVersionDate "2020.10.23"]
[SourceQuality "1"]

1. d4 e5 2. dxe5 Nc6 3. Bf4 Qe7 4. Nf3 Qb4+ 5. Bd2 Qxb2 6. Nc3 Nb4 7. Nd4 c5 8. Rb1 Qa3 9. Ndb5 Qa5 10. a3 Na6 11. e4 Qd8 12. Bc4 Nc7 13. 0-0 Nxb5 14. Nxb5 a6 15. Nd6+ Bxd6 16. exd6 b5 17. Bd5 Rb8 18. Qg4 Qf6 19. e5 Qg6 20. Qe2 Nh6 21. f4 0-0 22. Be4 Qe6 23. Bc3 Bb7 24. Bxb7 Rxb7 25. f5 Qe8 26. f6 g6 27. Qd2 Nf5 28. Rxf5 Qe6 29. Rbf1 b4 30. Qh6 Qxf6 31. exf6 bxc3 32. Qg7# 1-0

[Event "GER Cup Net V1 U2000"]
[Site "Playchess.com INT"]
[Date "2020.05.19"]
[Round "3"]
[White "Bock, Marlon"]
[Black "Schmitt, Carsten1111"]
[Result "0-1"]
[WhiteElo "1578"]
[BlackElo "1709"]
[PlyCount "102"]
[EventDate "2020.05.19"]
[EventType "swiss (blitz)"]
[EventRounds "9"]
[EventCountry "GER"]
[SourceTitle "EXT 2021"]
[Source "ChessBase"]
[SourceDate "2020.10.23"]
[SourceVersion "1"]
[SourceVersionDate "2020.10.23"]
[SourceQuality "1"]

1. d4 Nf6 2. Nf3 e6 3. e3 d5 4. Bd3 c5 5. b3 Nc6 6. 0-0 Bd6 7. Bb2 0-0 8. Nbd2 b6 9. a3 Bb7 10. Ne5 cxd4 11. exd4 Rc8 12. f4 Ne7 13. Ndf3 Ne4 14. Qe2 f5 15. Rac1 Nc3 16. Qe1 Qc7 17. Ng5 Rf6 18. g3 a6 19. Nef3 Ne4 20. c4 Bxf4 21. gxf4 Qxf4 22. cxd5 Rxc1 23. Bxc1 Qg4+ 24. Kh1 Nxg5 25. Bxg5 Bxd5 26. Bxf6 Bxf3+ 27. Rxf3 Qxf3+ 28. Kg1 gxf6 29. Qxe6+ Kf8 30. Qxf6+ Ke8 31. Bxa6 Qe3+ 32. Kf1 Qf3+ 33. Ke1 Qe3+ 34. Kf1 Qf3+ 35. Ke1 Qe3+ 36. Be2 Qc1+ 37. Kf2 Qf4+ 38. Bf3 Qd2+ 39. Kg3 Qe1+ 40. Kg2 Qd2+ 41. Kh3 Qf2 42. Qh8+ Kd7 43. Qg7 Qxf3+ 44. Kh4 Qg4+ 45. Qxg4 fxg4 46. Kxg4 Ke6 47. Kf4 Kd5 48. Ke3 Nc6 49. b4 Nxd4 50. a4 Nc2+ 51. Kd3 Nxb4+ 0-1

[Event "GER Cup Net V1 U2000"]
[Site "Playchess.com INT"]
[Date "2020.05.19"]
[Round "5"]
[White "Schoen, Florian"]
[Black "Bock, Marlon"]
[Result "1-0"]
[WhiteElo "1635"]
[BlackElo "1556"]
[PlyCount "53"]
[EventDate "2020.05.19"]
[EventType "swiss (blitz)"]
[EventRounds "9"]
[EventCountry "GER"]
[SourceTitle "EXT 2021"]
[Source "ChessBase"]
[SourceDate "2020.10.23"]
[SourceVersion "1"]
[SourceVersionDate "2020.10.23"]
[SourceQuality "1"]

1. e4 e5 2. Nf3 Nc6 3. d4 exd4 4. Bc4 Be7 5. 0-0 Nf6 6. Re1 d6 7. Nxd4 0-0 8. Nc3 a6 9. Nxc6 bxc6 10. e5 dxe5 11. Qxd8 Rxd8 12. Rxe5 Bb4 13. Bg5 Bxc3 14. bxc3 Bg4 15. Bxf6 gxf6 16. Re7 Bh5 17. Rxc7 Rd6 18. Re1 Rad8 19. h3 R8d7 20. Rc8+ Rd8 21. Rxd8+ Rxd8 22. Bxa6 Ra8 23. Bc4 Bg6 24. Bb3 Kf8 25. g4 Rd8 26. f4 Rd2 27. f5 1-0

[Event "GER-ch Net Amateur Gr-B Vor3"]
[Site "Playchess.com INT"]
[Date "2020.04.16"]
[Round "3"]
[White "Alber, Jens Markus"]
[Black "Bock, Marlon"]
[Result "1-0"]
[WhiteElo "1490"]
[BlackElo "1204"]
[PlyCount "113"]
[EventDate "2020.04.16"]
[EventType "swiss (blitz)"]
[EventRounds "9"]
[EventCountry "GER"]
[SourceTitle "CBM 195 Extra"]
[Source "ChessBase"]
[SourceDate "2020.05.31"]
[SourceVersion "1"]
[SourceVersionDate "2020.05.31"]
[SourceQuality "1"]

1. d4 d5 2. c4 Nc6 3. h3 e6 4. Bf4 Nf6 5. e3 Bb4+ 6. Nd2 Ne4 7. Ngf3 g5 8. Bh2 h5 9. a3 Bxd2+ 10. Nxd2 Qf6 11. Nxe4 dxe4 12. Be2 e5 13. d5 Ne7 14. Bxh5 Nf5 15. Be2 Nh4 16. Rg1 Bd7 17. Bg3 Nf5 18. Qc2 Nxg3 19. fxg3 0-0 20. 0-0-0 Qg6 21. h4 g4 22. Rdf1 Qh6 23. Qd2 f5 24. Kb1 Rf7 25. c5 Raf8 26. d6 cxd6 27. Qxd6 Qxd6 28. cxd6 f4 29. Bc4 Kg7 30. Bxf7 Rxf7 31. gxf4 exf4 32. Rxf4 Rxf4 33. exf4 Kf6 34. Rc1 Ke6 35. Rc7 Kxd6 36. Rxb7 a5 37. g3 e3 38. Rb3 Bf5+ 39. Kc1 e2 40. Re3 Bd3 41. Kd2 Ba6 42. h5 Bc4 43. h6 Kc5 44. h7 Kd4 45. Rxe2 Bxe2 46. Kxe2 Kc5 47. h8Q Kd6 48. Qe5+ Kc6 49. Qxa5 Kd6 50. b4 Kc6 51. Qc5+ Kb7 52. Kd3 Kb8 53. Qe7 Ka8 54. Kc4 Kb8 55. Kc5 Ka8 56. Kb6 Kb8 57. Qe8# 1-0